|
|
|
|
| LEADER |
00000cam a2200000 7i4500 |
| 001 |
0000005829 |
| 005 |
20220105104014.0 |
| 008 |
070810 |
| 020 |
|
|
|a 9833090087
|
| 090 |
0 |
0 |
|a JP
|b EL ENG (7131)
|
| 245 |
0 |
0 |
|a My toys
|
| 260 |
|
|
|a Selangor :
|b Early Learner Publications ,
|c 2004
|
| 440 |
|
|
|a I can read
|
| 500 |
|
|
|a Children age 4-6 years old (yellow)
|
| 650 |
|
0 |
|a Junior preschool
|x English
|x Languages
|
| 999 |
|
|
|a 0000981798
|b Book
|c Children Collection
|e Perbadanan Perpustakaan Awam Johor
|
| 999 |
|
|
|a 0000981799
|b Book
|c Children Collection
|e Perbadanan Perpustakaan Awam Johor
|
| 999 |
|
|
|a 0000981800
|b Book
|c Children Collection
|e Perbadanan Perpustakaan Awam Johor
|